000 00616nam a22002051 4500
001 105224
003 ES-MaACL
005 20230906183821.0
007 t|
008 060619s1967 sp ||||0| spa d
016 7 _zIND9200523838
040 _aM-BN
_bspa
_cA2
080 _a629.113:531.112.1
100 1 _aLópez-Muñiz Goñi, Miguel.
_973811
245 1 3 _aLa determinación de la velocidad de los vehiculos /
_cMiguel López-Muñiz Goñi.
260 _aMadrid :
_bGesta,
_c[1967]
300 _a100 p., 2 h ;
_c21 cm.
650 1 4 _aAutomóviles-
_xVelocidad.
_910439
852 _aES-MaACL
_jC-32763
_bR.63555
999 _c105224
_d105224